Statystyki dla 10 Największych miast w Polsce na literę "B"!

Kliknij tutaj aby rozwiązać quiz!

Ogólne statystyki

  • Ten quiz został rozwiązany 37 razy
  • Średni wynik to 4 z 10

Statystyki odpowiedzi

NrOdpowiedź% Poprawnych
1.Bydgoszcz
97%
2.Białystok
91%
3.Bielsko-Biała
89%
4.Biała Podlaska
49%
5.Będzin
37%
6.Bolesławiec
23%
8.Brzeg
14%
9.Bartoszyce
9%
10.Babimost
0%
7.Biała-Biała
0%

Rozkład punktacji

Percentyl według liczby udzielonych odpowiedzi

Procent ludzi z każdym wynikiem

Twoja historia wyników

Nie rozwiązałeś tego quizu